000 00424nam a2200145Ia 4500
008 220216s9999 xx 000 0 und d
100 _aAlex R
245 0 _aStudies on carbon black filled self-vulcanizable epoxidised natural rubber/polychloroprene blend
260 _bIndian Journal of Natural Rubber Research
_c1993
300 _a163-167
700 _aDe P P
700 _aDe S K
700 _aMathew N M
942 _cAR
999 _c47320
_d47320